000 00707nam a2200205Ia 4500
001 15219
003 GE_BSU
008 181216s||||||||xx |||||||||||||| ||und||
040 _cGE_BSU
080 _a821.353.1+821.353.1-1
100 _aშატბერაშვილი,გიორგი
245 _aთხზულებანი ოთხ ტომად. ტ.1. პოეზია
245 _cრედ. ქ.თავაძე. მხატვ.დ.დუნდუა
260 _aთბილისი
260 _bსაბჭოთა საქართველო
260 _c1970
300 _a317გვ.1ფ.პორტრ.20სმ.
653 _aპოეზია
942 _cBK
999 _c48331
_d48331